| 000 | 00478nam a22001817a 4500 | ||
|---|---|---|---|
| 003 | OSt | ||
| 005 | 20180116183006.0 | ||
| 008 | 150806b xxu||||| |||| 00| 0 eng d | ||
| 020 | _a9780071413770 | ||
| 040 | _c0 | ||
| 082 | _a658.1511 SIC 2003 | ||
| 100 | _aGene Siciliano | ||
| 245 |
_aFinance For Non-Financial Managers _cGene Siciliano |
||
| 260 |
_aIndia _bMcGraw Hill _c2003 |
||
| 300 |
_a220 p. _bPB |
||
| 440 | _aFinance For Non-Financial Managers | ||
| 942 |
_2ddc _cBK |
||
| 999 |
_c350055 _d350055 |
||